O livro dos provérbios (Registo nº 3720)

Detalhes MARC
000 -Etiqueta do registo
Cabeçalho 00824nam0a2200289 4500
005 - Identificador da versão
Campo de controlo 20240813122041.0
010 ## - Número internacional normalizado dos livros (ISBN)
Número (ISBN) 9895572239
021 ## - Número do Depósito Legal
Código do país PT
Número 223361/05
100 ## - Dados gerais de processamento
Dados gerais de processamento 20190325d2005 cd y0pory5003 ba
102 ## - Pais de publicação ou produção
País de publicação Portugal
101 0# - Língua de publicação
Língua do texto, banda sonora, etc. Português
215 ## - Descrição física 
Indicação específica da natureza do documento e extensão da espécie [67] p.
Outras indicações físicas il. color
200 1# - Titulo e menção de responsabilidade
Título próprio O livro dos provérbios
Primeira menção de responsabilidade António Mota
Outras menções de responsabilidade il. Elsa Fernandes
225 1# - Colecção 
Título próprio da colecção Obras de António Mota
Indicação de volume 10
205 ## - Menção da edição
Menção da edição 2ª ed
210 ## - Publicação, Distribuição, etc. 
Lugar da edição, distribuição, etc. Canelas
Nome do editor, distribuidor, etc. Gailivro
Data da publicação, distribuição, etc. 2005
300 ## - Notas gerais 
Texto da nota PNL
606 ## - Nome comum usado como assunto
Número de registo de entrada de autoridade 0001460
Palavra de ordem Literatura portuguesa
Subdivisão de assunto Provérbios
Código do sistema CA
675 ## - Classificação Decimal Universal (CDU)
Notação 398.9(469)
Edição 3ª ed.
Língua da edição por
Notação 821.134.3-84
Edição 3ª ed.
Língua da edição por
702 #1 - Nome de autor-pessoa física (responsabilidade secundária)
Número de registo de entrada de autoridade 0000110
Palavra de ordem Fernandes
Outra parte do nome não tomada para palavra de ordem Elsa
Código de função Ilustrador / Técnico de desenho computorizado
700 #1 - Nome de autor-pessoa física (responsabilidade principal)
Número de registo de entrada de autoridade 0000068
Palavra de ordem Mota
Outra parte do nome não tomada para palavra de ordem António
Datas 1957-
966 ## - Identificação da Biblioteca
Sigla EBVEN
942 ## - Elementos de entrada adicionados (Koha)
Tipo de item no Koha Livro
Exemplares
Situação do levantamento Origin of item (home branch) (coded) Biblioteca de empréstimo Código de barras Cota Data de devolução Circulation type (not for loan) Tipo de documento Nota do exemplar Damaged status
  Biblioteca Escolar das Vendas Biblioteca Escolar das Vendas BEV1039 8POR MOT PNL     Livro Sem mensagem